Hamleto (Record no. 182780)

MARC details
000 -LÍDER
campo de controle de tamanho fixo 00327 a2200157 4500
001 - NÚMERO DE CONTROLE
campo de controle 182780
020 ## - ISBN - INTERNATIONAL STANDARD BOOK NUMBER
ISBN - International Standard Book Number 85-00-10983-1
040 ## - FONTE DA CATALOGAÇÃO
Instituição que transcreveu o registro Magnum
100 ## - ENTRADA PRINCIPAL--NOME PESSOAL
Nome pessoal Shakespeare, William
240 10 - TÍTULO UNIFORME
Título uniforme Hamleto
Idioma da obra por
245 10 - TÍTULO
Título Hamleto
300 ## - DESCRIÇÃO FÍSICA
Extensão 150
440 #1 - DECLARAÇÃO DE SÉRIE/ENTRADA ADICIONADA--TÍTULO
Título Ediouro
697 ## - ENTRADA DE ASSUNTO LOCAL--ENTIDADE COLETIVA (RLIN)
Nome corporativo ou nome da jurisdição LITERATURA GERAL ESTRANGEIRA
942 ## - ELEMENTOS DE ENTRADA ADICIONADOS (KOHA)
Tipo de material Koha Livros
Holdings
Situação do descarte Situação das perdas Situação física Não pode ser emprestado Biblioteca de origem Biblioteca atual Data de aquisição Total de empréstimos Número de chamada completo Código de barras Data de último acesso Data do preço efetivo Tipo de material Koha
        Magnum Magnum 08/06/2024   890.2.61 MAG00035184 08/06/2024 08/06/2024 Livros